000 01330nam a2200349 i 4500
003 EG-GICUC
005 20260121101435.0
008 251206s2005 ua d|||fr|||| 000 0 ara d
017 _a2005/21603
020 _a977-04-4812-5
040 _a EG-GICUC
_bara
_c EG-GICUC
_d EG-GICUC
_erda
041 _aara
082 0 4 _221
_a343.46
_bم ح . ج
092 0 4 _221
099 _aLaw1 10 343.46 م ح . ج 2005
100 0 _aمحمد عبيد الكعبي
_eمؤلف.
245 1 2 _aالجرائم الناشئة عن الاستخدام غير المشروع لشبكة الإنترنت :
_bدراسة مقارنة /
_cمحمد عبيد الكعبي
264 1 _aالقاهرة :
_bدار النهضة العربية,
_c2005.
300 _a385 صفحة ؛
_c24 سم
336 _2rda content
_atext
337 _2rda media
_aComputer
338 _2rda carrier
_aOnline Resource
500 _aيشتمل على ملاحق
504 _aيشتمل على إرجاعات ببليوجرافية
546 _aالنص باللغة العربية
650 1 4 _aالتشريعات المتعلقة بتقنية المعلومات
_2qrmak
650 1 4 _aالجرائم الدولية
651 1 _2qrmak
856 4 0 _uhttps://fll.law.cu.edu.eg/fulltext/bks/B0-06730.pdf
905 _a79
_eHassnaa
942 _2ddc
_cBK
_e21
_n0
999 _c48709
_d48709